| 000 | 01084nam a2200325 i 4500 | ||
|---|---|---|---|
| 003 | DO-SdBNP | ||
| 005 | 20260120073951.0 | ||
| 007 | ta | ||
| 008 | 220517e2007 dr ||||gr|||| 000 0dspa d | ||
| 040 |
_aDO-SdBNP _bspa _cBNPHU _erda |
||
| 041 | _aspa | ||
| 082 | 4 |
_axxx _bV156 _222 |
|
| 100 | 1 |
_aValentín, Brenda _eautora _4aut. _988686 |
|
| 245 | 1 | 3 |
_aLa carta natal: _b¿destino o libre alvedrío?. mis reflexiones/ _cBrenda Valentín; Editor, Eva Palma-Zuñiga |
| 250 | _aPrimera edición | ||
| 264 |
_aSanto Domingo : _bPrinting Colors, _c2007. |
||
| 300 |
_a126 páginas ; _c19 cm. |
||
| 336 |
_atexto _btxt _2rdacontent |
||
| 337 |
_asin mediación _bn _2rdamedia |
||
| 338 |
_avolumen _bnc _2rdacarrier |
||
| 500 | _aIncluye glosario de términos. | ||
| 504 | _aBibliografía: p. 124- 126 | ||
| 590 | _aInventariado 2022 / MF | ||
| 650 | 4 |
_925640 _aAstrología _zRepública Dominicana |
|
| 650 | 0 |
_aVida espiritual _9268 |
|
| 650 | 4 |
_950227 _aFilosofía de la Vida _xPsicología |
|
| 700 | 1 |
_aPalma-Zuñiga, Eva _eeditora _4ed. _981602 |
|
| 910 | _aMFeliz | ||
| 942 |
_2ddc _cLBS1 |
||
| 999 |
_c51741 _d51741 |
||